Drum taps (Record no. 395112)

MARC details
000 -LEADER
fixed length control field 00447 a2200181 4500
005 - DATE & TIME
control field 20260116151439.0
008 - FIXED-LENGTH DATA ELEMENTS--GENERAL INFORMATION
fixed length control field 260116b |||||||| |||| 00| 0 eng d
020 ## - ISBN
International Standard Book Number 9789356562547
Price Rs. 149.00
040 ## - CATALOGING SOURCE
Original cataloging agency VIVEKANANDA LIBRARY
082 ## - DDC NUMBER
Classification number 811.3
Book Number W596D
100 ## - MAIN ENTRY--PERSONAL NAME
Personal name Whitman, Walt
245 ## - TITLE STATEMENT
Title Drum taps
260 ## - PUBLICATION, DISTRIBUTION, ETC. (IMPRINT)
Name of publisher, distributor, etc Double 9 Booksllp
Date of publication, distribution, etc 2025
Place of publication, distribution, etc New Delhi
300 ## - PHYSICAL DESCRIPTION
Pages 69
650 ## - Subject
Subject American Literature
650 ## - Subject
Subject American Poetry
942 ## - ADDED ENTRY ELEMENTS (KOHA)
Koha item type Books
Holdings
Withdrawn status Lost status Source of classification or shelving scheme Damaged status Not for loan Location (home branch) Sublocation or collection (holding branch) Shelving location Date acquired Koha issues (times borrowed) Koha full call number Accession No. Koha date last seen Koha item type
    Dewey Decimal Classification     VIVEKANANDA LIBRARY VIVEKANANDA LIBRARY Vivekananda Library 23/12/2025   811.3 W596D 443801 23/12/2025 Books
© Designed and Maintained by Vivekananda Library, MDU Rohtak